000 00539nam a2200217Ia 4500
003 OSt
005 20220924134827.0
006 a|||||r|||| 00| 0
007 ta
008 220923b |||||||| |||| 00| 0 ben d
024 _a287469
037 _cTextual
040 _aARTS
_cARTS
_bben
041 _2ben
_aben
082 _a8262:N, 157L3
100 _aKundu Ashok Ed.
_9209350
245 0 _aSahitik varsh panji
260 _c1973
942 _h8262:N, 157L3
_cTEXL
_2CC
999 _c438777
_d438777